| 000 | 01057nam0a22003011 4500 | ||
|---|---|---|---|
| 001 | v19\rc\1419962 | ||
| 005 | 20250618111252.0 | ||
| 035 | _a(NLR Aleph) 004546894 | ||
| 090 |
_a2086211 _c2086211 |
||
| 100 | _a20060512d1883 |||y0rusy50 ca | ||
| 101 | 0 | _arus | |
| 102 | _aRU | ||
| 105 | _ay z ||||| | ||
| 200 | 1 |
_aСъедобные грибы, определение в них количества питательных веществ _eДис. на степ. д-ра мед. К.В. Маргевича |
|
| 210 |
_aСанкт-Петербург _cРус. скоропеч. (К.И. Куна) _d1883 |
||
| 215 |
_a[2], XVI, 54 с. _d22 |
||
| 320 | _aБиблиогр.: с. I-XVI | ||
| 700 | 1 |
_aМаргевич _bК.В. _f1849- _gКонстантин Викентьевич |
|
| 801 | 0 |
_aRU _bNLR _gpsbo |
|
| 801 | 0 |
_aRU _bRuMoRGB _2psbo |
|
| 801 | 1 |
_aRU _bProSoft-M _2rusmarc |
|
| 852 |
_aNLR _j18.159.1.99 |
||
| 852 |
_aNLR _bМф _jК1/23768 |
||
| 899 |
_aRuMoRGB _jT 8/153 |
||
| 899 |
_aRuMoRGB _jJ 93/90 |
||
| 899 | _aБАН | ||
| 942 | _cBOOK | ||
| 980 | _aNB | ||